000 00264nam a2200109Ia 4500
008 200302s9999 xx 000 0 und d
100 _aAuthor
245 _aThe Consortia Co-Operation in Educational Building
260 _bPublisher
260 _c1976
300 _a12 P.,
999 _c466
_d466